内蒙古自治区地图点选 Inner Mongolia Click Map - Statistics

General Stats
  • This quiz has been taken 24 times
    21 since last reset
  • The average score is 12 of 12
Answers on the Map
Answers color-coded by a green-red scale on the quiz's map according to % correct below.
 
Answer Stats
Answer % Correct
呼和浩特市
100%
乌海市
100%
赤峰市
100%
通辽市
100%
呼伦贝尔市
100%
巴彦淖尔市
100%
包头市
94%
鄂尔多斯市
94%
兴安盟
94%
锡林郭勒盟
94%
阿拉善盟
94%
乌兰察布市
88%
No matching quizzes found
Score Distribution
Percent of People with Each Score
Percentile by Number Answered
Your Score History
You have not taken this quiz since the last reset